000 00288nam a22001337a 4500
008 170914b xxu||||| |||| 00| 0 eng d
020 _a0810964228
041 _aeng
080 _a7
100 _a44
101 _aART
245 _aTHE ROYAL CITY OF SUSA
_cHARPER, P.O
942 _2udc
_cBK
999 _c27665
_d27665